Modern Love - David Bowie (All Lyrics) - Statistics

General Stats
  • This quiz has been taken 152 times
  • The average score is 230 of 292
Answer Stats
Hint Answer % Correct
Intro | Verse1 | x2 I
100%
in
98%
the
97%
love)
96%
love
96%
x2 | x8 love,
96%
(Modern
96%
modern
96%
x2 | x8 Modern
96%
to
92%
me
90%
on
90%
don't
89%
Don't
89%
But
88%
go
88%
time
88%
time)
88%
when
88%
Get
87%
church
85%
(Church
85%
x2 try
85%
by
83%
never
80%
Chorus Never
80%
I'm
78%
things
77%
for
75%
Gets
75%
no
75%
No
75%
believe
74%
know
74%
Know
74%
really
74%
out
73%
change
72%
standing
72%
boy
70%
fall
70%
Makes
70%
Terrifies
70%
beside
68%
paper
68%
wind
68%
and
67%
x2 bye
67%
gonna
67%
my
67%
catch
66%
stay
66%
Walks
66%
x2 walks
66%
man
65%
man)
65%
religion
65%
wave
65%
done
64%
God
63%
(God
63%
rain
62%
It's
61%
trust
60%
just
58%
of
57%
Puts
55%
life
53%
not
53%
going
52%
Verse2 There's
52%
sign
50%
power
48%
party
47%
lying
46%
Still
42%
work
32%
confessions
28%
charm
25%
No matching quizzes found
Score Distribution
Percent of People with Each Score
Percentile by Number Answered
Your Score History
You have not taken this quiz